MARC details
| 000 -CABECERA |
| campo de control de longitud fija |
01286nam a2200229 a 4500 |
| 003 - IDENTIFICADOR DEL NÚMERO DE CONTROL |
| campo de control |
DO-SdBNP |
| 005 - FECHA Y HORA DE LA ÚLTIMA TRANSACCIÓN |
| campo de control |
20220915113043.0 |
| 007 - CAMPO FIJO DE DESCRIPCIÓN FÍSICA--INFORMACIÓN GENERAL |
| campo de control de longitud fija |
ta |
| 008 - DATOS DE LONGITUD FIJA--INFORMACIÓN GENERAL |
| campo de control de longitud fija |
220915e2010 dr ao||grt|||s001 0 spa d |
| 040 ## - FUENTE DE LA CATALOGACIÓN |
| Centro catalogador/agencia de origen |
DO-SdBNP |
| Lengua de catalogación |
spa |
| Centro/agencia transcriptor |
BNPHU |
| 082 #4 - NÚMERO DE LA CLASIFICACIÓN DECIMAL DEWEY |
| Número de edición |
22 |
| Número de documento/Ítem |
R426m |
| 110 2# - ENTRADA PRINCIPAL--NOMBRE DE ENTIDAD CORPORATIVA |
| 9 (RLIN) |
6285 |
| Nombre de entidad corporativa o nombre de jurisdicción como elemento de entrada |
Banco de Reservas de la República Dominicana. |
| 245 10 - MENCIÓN DE TÍTULO |
| Título |
Memoria 2010 |
| 260 ## - PUBLICACIÓN, DISTRIBUCIÓN, ETC. |
| Lugar de publicación, distribución, etc. |
Santo Domingo : |
| Nombre del editor, distribuidor, etc. |
Banreservas, |
| Fecha de publicación, distribución, etc. |
2010 |
| 300 ## - DESCRIPCIÓN FÍSICA |
| Extensión |
89, [6] p. : |
| Otras características físicas |
il., fotogr. |
| Dimensiones |
29 cm. |
| 505 ## - NOTA DE CONTENIDO CON FORMATO |
| Título |
Consejo de Directores.-- |
| -- |
Resumen Desempeño Financiero.-- |
| -- |
Cartera de préstamos Bruta.-- |
| -- |
Cartera de Depósitos |
| -- |
Total Activos.-- |
| -- |
Beneficios Netos.-- |
| -- |
Carta del Administrador General.-- |
| -- |
Entorno Económico año 2010 y Perspectivas.-- |
| -- |
Gobierno Corporativo: Consejo de Directores y Administración General.-- |
| -- |
Banreservas en el 2010 Variables Financieras y de Negocios.-- |
| -- |
Otros Logros Importantes en el Año.-- |
| -- |
Responsabilidad Social y Corporativa.-- |
| -- |
Informe de los Auditores Independientes y Estados Financieros Sobre Base Regular, 31 de diciembre de 2010. |
| 590 ## - NOTA LOCAL (RLIN) |
| Nota local |
Inventariado 2022 / MF |
| 650 #4 - PUNTO DE ACCESO ADICIONAL DE MATERIA--TÉRMINO DE MATERIA |
| Término de materia o nombre geográfico como elemento de entrada |
Instituciones Públicas |
| Subdivisión general |
Memorias e Informes |
| Subdivisión geográfica |
República Dominicana |
| 9 (RLIN) |
82134 |
| 651 #4 - PUNTO DE ACCESO ADICIONAL DE MATERIA--NOMBRE GEOGRÁFICO |
| Nombre geográfico |
República Dominicana. Banco de Reservas |
| Subdivisión general |
Memorias e informes |
| Subdivisión cronológica |
2010 |
| 9 (RLIN) |
82383 |
| 910 ## - DATOS DE OPCIÓN DEL USUARIO (OCLC) |
| Datos de opción del usuario |
MFeliz |
| 942 ## - ELEMENTOS DE PUNTO DE ACCESO ADICIONAL (KOHA) |
| Fuente del sistema de clasificación o colocación |
Dewey Decimal Classification |
| Tipo de ítem Koha |
Libro |